BUBT Library Online Catalog

Common Mistake in English (Record no. 368)

000 -LEADER
fixed length control field 00657nam a22002657a 4500
008 - FIXED-LENGTH DATA ELEMENTS--GENERAL INFORMATION
fixed length control field 130513b xxu||||| |||| 00| 0 eng d
020 ## - INTERNATIONAL STANDARD BOOK NUMBER
International Standard Book Number 8-32501-694-1
024 ## - OTHER STANDARD IDENTIFIER
Terms of availability available
037 ## - SOURCE OF ACQUISITION
Terms of availability available
040 ## - CATALOGING SOURCE
Original cataloging agency MBSTU LIbrary
082 ## - DEWEY DECIMAL CLASSIFICATION NUMBER
Edition number 22
Classification number 425 FIC
100 ## - MAIN ENTRY--PERSONAL NAME
Personal name Fitikides, T J
110 ## - MAIN ENTRY--CORPORATE NAME
Corporate name or jurisdiction name as entry element
245 ## - TITLE STATEMENT
Title Common Mistake in English
250 ## - EDITION STATEMENT
Edition statement 5th edition
260 ## - PUBLICATION, DISTRIBUTION, ETC. (IMPRINT)
Place of publication, distribution, etc. London
Name of publisher, distributor, etc. Longman Group
Date of publication, distribution, etc. 2003
300 ## - PHYSICAL DESCRIPTION
Extent 11.5 cm
Other physical details 200 page
Type of unit 10
Size of unit 11.5 cm
600 ## - SUBJECT ADDED ENTRY--PERSONAL NAME
Personal name English Grammar
700 ## - ADDED ENTRY--PERSONAL NAME
Personal name Fitikides, T J
710 ## - ADDED ENTRY--CORPORATE NAME
Corporate name or jurisdiction name as entry element
270 ## - ADDRESS
Address London
City London
Country UK
365 ## - TRADE PRICE
Price amount 56.00
Unit of pricing 56.00
942 ## - ADDED ENTRY ELEMENTS (KOHA)
Source of classification or shelving scheme
Koha item type Books

No items available.

More Information About Library

Library Hours

  • Open: 9.00 am. to 9.00 pm.
  • Only Sunday: 9.00 am. to 6.00 pm.
  • Closed: Holiday

Contact to the University

Bangladesh University of Business and Technology Library

  • Mirpurl-2, 1216.
  • Phone:
  • Fax:
  • E-Mail: admin.library@bubt.edu.bd

Contact to the Library

Contact Person:

Md. Abdul Hakim Shah
Joint Librarian
PABX No:  113
Cell No: 01816332931
E-mail: official: admin.library@bubt.edu.bd
Personal: hakim.shah@bubt.edu.bd


BUBT Library

Copyright © 2021